| 000 | 00537nam a2200205Ia 4500 | ||
|---|---|---|---|
| 008 | 131103s9999 xx 000 0 und d | ||
| 040 | _aLoreto College | ||
| 041 | _aEnglish | ||
| 082 |
_a334.954/HOU _bLCBKB/262 |
||
| 100 | _aHough, Eleanor M. | ||
| 245 | 4 |
_aThe co-operative movement in India _cEleanor M.Hough |
|
| 250 | _a4th ed | ||
| 260 |
_aLondon _bO.U.P. _c1959 |
||
| 300 |
_a493p. _c 23cm. |
||
| 504 | _aIncludes index | ||
| 650 | _aEconomics | ||
| 651 | _aIndia-economics | ||
| 850 | _aLCBKB/334.954/HOU | ||
| 942 | _cBK | ||
| 999 |
_c34912 _d85391 |
||